000 00692nam a2200205 i 4500
001 141614
003 ES-MaACL
005 20260701143607.0
007 t|
008 070926s1911 fr ||||1| fre d
100 0 _aVillon, François,
_d1431-ca. 1463
_9115268
245 1 0 _aOeuvres éditées par un ancien archiviste [Auguste Longnon]
_b: avec un index des noms propres /
_cFrançois Villon.
260 _aParis :
_bH. Champion,
_c1911.
300 _aXVI, 123 p. ;
_c19 cm.
490 1 _aLes Classiques français du Moyen-âge
700 1 _aLognon, Auguste.
_973126
830 0 _aLes Classiques français du Moyen-âge
_9185716
852 _aES-MaACL
_jF-2367
999 _c141614
_d141614